Detalles MARC
| 000 -LEADER |
| longitud fija campo de control |
01285nam a2200301 4500 |
| 003 - IDENTIFICADOR DE NUMERO DE CONTROL |
| control del campo |
AR-RoUNA |
| 008 - CAMPO DE CONTROL - LIBROS |
| longitud fija campo de control |
250527b1952||||||| |||| 00| 0 spa dspa d |
| 040 ## - ORIGEN DE LA CATALOGACION |
| Agencia que cataloga la obra original |
AR-RoUNA |
| Idioma en que se cataloga |
spa |
| Entidad que modifico el registro |
AR-RoUNA |
| 041 ## - CODIGO DE IDIOMA |
| Codigo de idioma del texto / sonido o titulo separado |
spa |
| 044 ## - CODIGO DE PAIS / ENTIDAD PRODUCTORA |
| Codigo MARC del pais |
ag |
| 110 2# - ASIENTO PRINCIPAL - AUTOR INSTITUCIONAL |
| Nombre corporativo o de jurisdiccion como elemento de entrada |
Unión Panamericana, Washington 6 D.C. |
| Unidad subordinada |
Departamento de Asuntos Economicos y sociales. División de Trabajo y Asuntos Sociales |
| 9 (RLIN) |
27207 |
| 245 ## - TITULO PROPIAMENTE DICHO |
| Titulo |
Habitaciones obreras y cooperativas de vivienda |
| Subtitulo |
: cooperativistas, arquitectos, trabajadores. |
| 260 ## - EDITORIAL - PUBLICACION, DISTRIBUCION, ETC. (Pie de imprenta) |
| Lugar de publicacion, distribucion, etc |
Washington (EEUU) : |
| Fecha de publicacion |
1952. |
| 300 ## - DESCRIPCION FISICA |
| Extension |
14 p. |
| Otros detalles fisicos |
fot. byn., |
| Dimensiones |
25x19 cm. |
| 490 ## - MENCION DE SERIE |
| Titulo de la serie |
Educación del trabajador |
| Numero del volumen / designacion secuencial |
v. 10 |
| 505 0# - NOTA DE CONTENIDO CON FORMATO |
| Título |
INDICE |
| 505 0# - NOTA DE CONTENIDO CON FORMATO |
| Título |
INTRODUCCION |
| 505 0# - NOTA DE CONTENIDO CON FORMATO |
| Título principal |
Luis Vera / La actitud Social del Arquitectos. p. 1 |
| 505 0# - NOTA DE CONTENIDO CON FORMATO |
| Título principal |
Carlos Burr / EL problema de la Habitación Obrera en América Latina y las Cooperativistas de Vivienda. p. 3 |
| 505 0# - NOTA DE CONTENIDO CON FORMATO |
| Título principal |
Serie sobre Educación del Trabajador. p. 13 |
| 505 0# - NOTA DE CONTENIDO CON FORMATO |
| Título principal |
Definición de Educación del Trabajador. p. 13 |
| 505 0# - NOTA DE CONTENIDO CON FORMATO |
| Título principal |
Serie sobre Educación del Trabajador (Números publicados). p. 14 |
| 650 ## - MATERIA - TERMINO TEMATICO |
| Término temático general |
Viviendas |
| Subdivisión de formulario |
Cooperativistas |
| Subdivisión geográfica |
América Latina |
| 650 ## - MATERIA - TERMINO TEMATICO |
| Término temático general |
Urbanismo |
| Subdivisión de formulario |
Problemas sociales |
| 942 ## - FUENTE DE CLASIFICACION |
| Clasificacion |
Universal Decimal Classification |
| 945 ## - INFORMACION DE PROCESAMIENTO |
| Fecha de ingreso o modificacion |
2025-05-27 |
| 980 ## - DECLARACIÓN DE EQUIVALENCIA O SERIE DE REFERENCIA CRUZADA - NOMBRE / TÍTULO PERSONAL [LOCAL, CANADÁ] |
| Código del operador |
5 |
| Nombre del operador |
María Machado |
| Código del operador que modifico el registro |
5 |
| Nombre del operador que modifico el registro |
María Machado |